Design and Testing of solor Charging Stations for Electric Vehicles / (Record no. 526358)
[ view plain ]
| 000 -LEADER | |
|---|---|
| fixed length control field | 00684nam a22002057a 4500 |
| 003 - CONTROL NUMBER IDENTIFIER | |
| control field | NUST |
| 005 - DATE AND TIME OF LATEST TRANSACTION | |
| control field | 20240222155035.0 |
| 008 - FIXED-LENGTH DATA ELEMENTS--GENERAL INFORMATION | |
| fixed length control field | 190710b ||||| |||| 00| 0 eng d |
| 038 ## - RECORD CONTENT LICENSOR | |
| Staff Name | Mr. Zahoor |
| 082 ## - DEWEY DECIMAL CLASSIFICATION NUMBER | |
| Classification number | 670.5 |
| 100 ## - MAIN ENTRY--PERSONAL NAME | |
| Personal name | Gillani, Afnan Ahmad |
| 9 (RLIN) | 17350 |
| 245 ## - TITLE STATEMENT | |
| Title | Design and Testing of solor Charging Stations for Electric Vehicles / |
| Statement of responsibility, etc. | Afnan Ahmad Gillani |
| 260 ## - PUBLICATION, DISTRIBUTION, ETC. | |
| Place of publication, distribution, etc. | Islambad : |
| Name of publisher, distributor, etc. | SMME - NUST, |
| Date of publication, distribution, etc. | 2013. |
| 300 ## - PHYSICAL DESCRIPTION | |
| Extent | 48 p. : ill. ; |
| 500 ## - GENERAL NOTE | |
| General note | Hard cover. |
| 650 ## - SUBJECT ADDED ENTRY--TOPICAL TERM | |
| Topical term or geographic name entry element | Design and Manufacturing Engineering - MS Thesis |
| 9 (RLIN) | 16133 |
| 700 ## - ADDED ENTRY--PERSONAL NAME | |
| Personal name | Dr. Syed Hussain Imran Jaffery |
| 9 (RLIN) | 17351 |
| 856 ## - ELECTRONIC LOCATION AND ACCESS | |
| Uniform Resource Identifier | <a href="http://10.250.8.41:8080/xmlui/handle/123456789/12431">http://10.250.8.41:8080/xmlui/handle/123456789/12431</a> |
| 942 ## - ADDED ENTRY ELEMENTS (KOHA) | |
| Source of classification or shelving scheme | |
| Koha item type | Thesis |
| Withdrawn status | Lost status | Source of classification or shelving scheme | Damaged status | Not for loan | Permanent Location | Current Location | Shelving location | Date acquired | Full call number | Barcode | Date last seen | Price effective from | Koha item type |
|---|---|---|---|---|---|---|---|---|---|---|---|---|---|
| Central Library (CL) | Central Library (CL) | Thesis | 07/10/2019 | 670.5 | CL-T-2400 | 07/11/2019 | 07/10/2019 | Thesis |
